000 00725cam a2200217 a 4500
001 2912663
005 20250716163026.0
008 880125s1988 ilu 000 0 eng
020 _a0896935914
020 _a9780896935914
050 0 0 _aBS2595.2
_b.W53 1988
082 0 0 _a226.4/06
_220
100 1 _aWiersbe, Warren W.
245 1 0 _aBe compassionate /
_cWarren W. Wiersbe.
260 _aWheaton, IL :
_bVictor Books,
_cc1988.
300 _a156 p. ;
_c21 cm.
440 0 _aBible study
856 4 2 _3Contributor biographical information
_uhttp://www.loc.gov/catdir/enhancements/fy0909/88060197-b.html
856 4 2 _3Publisher description
_uhttp://www.loc.gov/catdir/enhancements/fy0909/88060197-d.html
942 _2lcc
_cBK
_n0
999 _c7008
_d7008